Mémoires touchant la vie et les écrits de Marie de Rabutin-Chantal, dame de Bourbilly, marquise de Sévigné, durant la Régence et la Fronde / (Record no. 165280)

MARC details
000 -LEADER
campo de control de longitud fija 01410nam a2200229 i 4500
001 - NÚMERO DE CONTROL
campo de control 165280
003 - IDENTIFICADOR DE NÚMERO DE CONTROL
campo de control ES-MaACL
005 - FECHA Y HORA DE LA ÚLTIMA TRANSACCIÓN
campo de control 20260509181302.0
008 - DATOS DE LONGITUD FIJA--INFORMACIÓN GENERAL
campo de control de longitud fija 911217m18421852fr |||| |afre d
040 ## - FUENTE DE CATALOGACIÓN
Centro catalogador/agencia de origen CAT
Lengua de catalogación spa
Centro/agencia transcriptor CAT
Centro/agencia modificador CCPB
100 1# - ENTRADA PRINCIPAL--NOMBRE DE PERSONA
Nombre de persona Walckenaer, Charles Athanase,
Fechas asociadas al nombre 1771-1852
9 (RLIN) 133860
245 10 - MENCIÓN DEL TÍTULO
Título Mémoires touchant la vie et les écrits de Marie de Rabutin-Chantal, dame de Bourbilly, marquise de Sévigné, durant la Régence et la Fronde /
Mención de responsabilidad, etc. par M. le baron Walckenaer.
260 ## - PUBLICACIÓN, DISTRIBUCIÓN, ETC.
Lugar de publicación, distribución, etc. Paris :
Nombre del editor, distribuidor, etc. Librairie de Firmin Didot frères,
Fecha de publicación, distribución, etc. 1842-[1852]
300 ## - DESCRIPCIÓN FÍSICA
Extensión [3] v. ;
Dimensiones 18 cm.
594 #1 - Nota al título y mención de responsabilidad
Nota al título y mención de responsabilidad Título variante en el v. 2: Mémoires touchant la vie et les écrits de Marie de Rabutin-Chantal, dame de Bourbilly, marquise de Sévigné, durant le ministère du cardinal Mazarin et la jeunesse de Louis XIV.
596 #1 - NOTA AL PIE DE IMPRENTA
NOTA AL PIE DE IMPRENTA Núm. de v. y fecha de ed. obtenidos de Lorenz.
597 #1 - NOTA DE DESCRIPCIÓN FÍSICA
NOTA DE DESCRIPCIÓN FÍSICA Pag.: 544 (v. 1); 516 (v. 2) p.
600 17 - PUNTO DE ACCESO ADICIONAL DE MATERIA--NOMBRE DE PERSONA
Nombre de persona Sevigné, Marie de Rabutin-Chantal,
Títulos y otros términos asociados al nombre marquise de,
Fechas asociadas al nombre 1626-1696
9 (RLIN) 132692
740 0# - ENTRADA AGREGADA--TÍTULO RELACIONADO/ANALÍTICO NO CONTROLADO
Título relacionado o analítico no controlado Mémoires touchant la vie et les écrits de Marie de Rabutin-Chantal, dame de Bourbilly, marquise de Sévigné, durant le ministère du cardinal Mazarin et la jeunesse de Louis XIV.
852 ## - LOCALIZACIÓN
Ubicación ES-MaACL
Número de control de estantería F-2696-98
Nota libre -- Enc. tela
condición física -- Contiene únicamente los T. III-V
Encuadernación -- Edic.: T. III. 1845 (475 p.) -- T. IV. 1848 (388 p.) -- T. V. 1852 (467, [1] p.)
Holdings
Estatus retirado Estado de pérdida Estado de daño No para préstamo Colección Biblioteca de origen Biblioteca actual Ubicación en estantería Fecha de adquisición Total de préstamos Signatura topográfica completa Código de barras Visto por última vez Precio de reemplazo Tipo de ítem Koha
        Libros del s. XIX Biblioteca del Ateneo de Madrid Biblioteca del Ateneo de Madrid Depósito 2 17/01/2008   F-2696-98 1173314 23/02/2023 23/02/2023 Libro impreso antiguo